Criterios de inversión y desarrollo económico (Registro nro. 4622)
[ vista simple ]
| 000 -LEADER | |
|---|---|
| fixed length control field | 01508 a2200253 4500 |
| 001 - CONTROL NUMBER | |
| control field | 48554 |
| 005 - DATE AND TIME OF LATEST TRANSACTION | |
| control field | 20260407155750.0 |
| 008 - FIXED-LENGTH DATA ELEMENTS--GENERAL INFORMATION | |
| fixed length control field | 260407a1965 arg spa d |
| 003 - CONTROL NUMBER IDENTIFIER | |
| control field | AR-UNSa-BCEJYS |
| 040 ## - CATALOGING SOURCE | |
| Original cataloging agency | AR-UNSa-BCEJYS |
| Language of cataloging | spa |
| Transcribing agency | AR-UNSa-BCEJYS |
| 080 ## - UNIVERSAL DECIMAL CLASSIFICATION NUMBER | |
| Universal Decimal Classification number | 330.322.14 |
| Common auxiliary subdivision | Inversión pública. Inversión estatal |
| 100 1# - MAIN ENTRY--PERSONAL NAME | |
| Personal name | Tinbergen, Jan |
| 245 10 - TITLE STATEMENT | |
| Title | Criterios de inversión y desarrollo económico |
| 264 #1 - PRODUCTION, PUBLICATION, DISTRIBUTION, MANUFACTURE, AND COPYRIGHT NOTICE | |
| Place of production, publication, distribution, manufacture | Madrid : |
| Name of producer, publisher, distributor, manufacturer | Ediciones Rialp |
| Date of production, publication, distribution, manufacture, or copyright notice | 1965 |
| 300 ## - PHYSICAL DESCRIPTION | |
| Extent | 194 p. |
| Dimensions | 24 cm. |
| 505 ## - FORMATTED CONTENTS NOTE | |
| Formatted contents note | 1. La operatividad de los criterios teóricos en la selección de planes de inversión / Jan Tinbergen - 2. La programación en teoría y en la práctica italiana / Paul N. Rosenstein-Rodan - 3. Planificación económica y planificación de la inversión. Reflexiones basadas en una experiencia en Colombia / Albert O. Hirschman - 4. La distribución de la inversión en los países subdesarrollados. Observaciones basadas en la experiencia de Birmana / Everett E. Hagen - 5. Sugerencias para una teoría de la planificación soviética de la inversión / Gregory Grossman - 6. Proyectos individuales de inversión en las economías en desarrollo. Características generales del problema y comentarios sobre los documentos presentados a la conferencia / William Fellner. |
| 590 ## - LOCAL NOTE (RLIN) | |
| Local note | niveau_biblio:m niveau_hierar:0 |
| 700 1# - ADDED ENTRY--PERSONAL NAME | |
| Personal name | Rosenstein-Rodan, Paul N. |
| 700 1# - ADDED ENTRY--PERSONAL NAME | |
| Personal name | Hirschman, Albert O. |
| 700 1# - ADDED ENTRY--PERSONAL NAME | |
| Personal name | Hagen, Everett E. |
| 700 1# - ADDED ENTRY--PERSONAL NAME | |
| Personal name | Grossman, Gregory |
| 700 1# - ADDED ENTRY--PERSONAL NAME | |
| Personal name | Fellner, William |
| 942 ## - ADDED ENTRY ELEMENTS (KOHA) | |
| Koha item type | |
| Withdrawn status | Lost status | Damaged status | Not for loan | Home library | Current library | Shelving location | Date acquired | Total checkouts | Full call number | Barcode | Date last seen | Price effective from | Koha item type |
|---|---|---|---|---|---|---|---|---|---|---|---|---|---|
| Biblioteca Prof. Eusebio Cleto del Rey | Biblioteca Prof. Eusebio Cleto del Rey | 07/04/2026 | 330.322.14 T587 | L21962 | 07/04/2026 | 07/04/2026 | Libro | ||||||
| Biblioteca Prof. Eusebio Cleto del Rey | Biblioteca Prof. Eusebio Cleto del Rey | 07/04/2026 | 330.322.14 T587 | L26684 | 07/04/2026 | 07/04/2026 | Libro |